ბათუმის შოთა რუსთაველის სახელმწიფო უნივერსიტეტის ბიბლიოთეკა

ჩანაწერი Corporate Name

ჩანაწერთა რაოდენობა, რომელიც გამოყენებულია: 1

001 - CONTROL NUMBER

  • control field: 9045

003 - CONTROL NUMBER IDENTIFIER

  • control field: GE_BSU

005 - DATE AND TIME OF LATEST TRANSACTION

  • control field: 20200727124720.0

008 - FIXED-LENGTH DATA ELEMENTS

  • fixed length control field: 200727|| aca||aabn | a|a d

040 ## - CATALOGING SOURCE

  • Original cataloging agency: GE_BSU
  • Transcribing agency: GE_BSU

110 ## - HEADING--CORPORATE NAME

  • Corporate name or jurisdiction name as entry element: ბათუმის შოთა რუსთაველის სახელმწიფო უნივერსიტეტი
  • Relator term: ჰუმანიტარულ მეცნიერებათა ფაკულტეტი

670 ## - SOURCE DATA FOUND

  • Source citation: Work cat.: (GE_BSU): ფარტენაძე, ვაჟა 9044, "აჭარისწყლის ხეობა (ისტორიულ-არქეოლოგიური გამოკვლევა ქედის მუნიციპალიტეტის მიხედვით)" /